000
00297nam a22001337a 4500
008
171107b xxu||||| |||| 00| 0 eng d
020
_a
9780324270445
041
_a
eng
080
_2
2 ED
_a
330722.6
100
_a
62
101
_a
KON
245
_a
FINANCIAL ACCOUTING
_c
RICK.A
942
_2
udc
_c
BK
999
_c
38038
_d
38038